|
003 -Nazwa inst., której nr kontr. jest w polu 001 [,]
|
-
- @
- Nazwa instytucji, której n kontrolny jest w polu 001
- NUKAT
|
|
005 -DATA I CZAS OSTATNIEJ MODYFIKACJI [,]
|
-
- @
- pole kontrolne
- 20241231113124.0
|
|
020 -Międzynarod. znormalizowany nr książki - ISBN [ , ]
|
-
- a
- Numer ISBN
- 9788374532235
|
|
040 -Instytucja sporządzająca opis [ , ]
|
-
- a
- Instytucja, która sporządziła opis (NP)
- SZCZ 010/JT
-
- c
- Instytucja, która sporządziła rekord (NP)
- SZCZ 010/JT
-
- d
- Instytucja, która zmodyfikowała rekord (P)
- SZCZ 010/HO
-
- d
- Instytucja, która zmodyfikowała rekord (P)
- OLSZT 003/BKs
-
- d
- Instytucja, która zmodyfikowała rekord (P)
- KIEL 010/GA
-
- d
- Instytucja, która zmodyfikowała rekord (P)
- WA 004/ac
|
|
041 -Język dokumentu [1, ]
|
-
- a
- Język tekstu (P)
- polski
-
- h
- Język tekstu oryginalnego i/lub pośredniego (P)
- francuski
|
|
942 -Rodzaj dokumentu [ , ]
|
-
- c
- Rodzaj dokumentu
- Książka
|
|
245 -Strefa tytułu i oznaczenia odpowiedzialności [0,0]
|
-
- a
- Tytuł
- Historia ciała.
-
- n
- Oznaczenie części (P)
- T. 3,
-
- p
- Nazwa części (P)
- Różne spojrzenia, wiek XX /
-
- c
- Pozostałe elementy strefy tytułu i oznaczenia odpowiedzialności (NP)
- tom pod red. Jean-Jacques'a Courtine'a ; aut.: Stéphane Audoin-Rouzeau [et al.] ; przeł. Krystyna Belaid i Tomasz Stróżyński.
|
|
246 -Wariant tytułu [1, ]
|
-
- i
- Tekst wyświetlany na ekranie monitora (NP)
- Tyt. oryg.:
-
- a
- Tytuł (NP)
- Histoire du corps.
-
-
- p
- Nazwa części
- Mutations du regard, le XXe siècle
|
|
246 -Wariant tytułu [3,0]
|
-
- a
- Tytuł (NP)
- Różne spojrzenia, wiek XX
|
|
260 -Strefa adresu wydawniczego [ , ]
|
-
- a
- Miejsce wydania (P)
- Gdańsk :
-
- b
- Nazwa wydawcy (P)
- Wydawnictwo Słowo/Obraz Terytoria,
-
|
|
080 -Uniwersalna Klasyfikacja Dziesiętna [ , ]
|
-
- 2
- Identyfikator wydania tablic
- UDC-P058
-
-
- a
- Symbol klasyfikacji
- 611.9
-
- b
- Dopowiedzenie
- Anatomia topograficzna. Części ciała: głowa, kończyny.
|
|
080 -Uniwersalna Klasyfikacja Dziesiętna [ , ]
|
-
- 2
- Identyfikator wydania tablic
- UDC-P058
-
-
- a
- Symbol klasyfikacji
- 572
-
- b
- Dopowiedzenie
- Antropologia.
-
-
-
- c
- Dopowiedzenie poddz. wspólnego
- Wiek XX.
|
|
080 -Uniwersalna Klasyfikacja Dziesiętna [ , ]
|
-
- 2
- Identyfikator wydania tablic
- UDC-P058
-
-
- a
- Symbol klasyfikacji
- 7.03(091)
-
- b
- Dopowiedzenie
- Historia sztuki w ogólności.
-
-
-
- c
- Dopowiedzenie poddz. wspólnego
- Wiek XX.
|
|
080 -Uniwersalna Klasyfikacja Dziesiętna [ , ]
|
-
- 2
- Identyfikator wydania tablic
- UDC-P058
-
-
- a
- Symbol klasyfikacji
- 930.85
-
- b
- Dopowiedzenie
- Historia kultury. Historia cywilizacji. Kultura materialna.
-
-
-
- c
- Dopowiedzenie poddz. wspólnego
- Wiek XX.
|
|
650 -Hasło przedmiotowe [ ,7]
|
-
- a
- Hasło przedmiotowe
- Socjologia ciała
-
- y
- Określnik chronologiczny
- 20 w.
-
-
|
|
650 -Hasło przedmiotowe [ ,7]
|
-
- a
- Hasło przedmiotowe
- Ciało ludzkie
-
- x
- Określnik rzeczowy
- w sztuce.
-
-
|
|
650 -Hasło przedmiotowe [ ,7]
|
-
- a
- Hasło przedmiotowe
- Ciało ludzkie
-
- x
- Określnik rzeczowy
- aspekt antropologiczny
-
- y
- Określnik chronologiczny
- 20 w.
-
-
|
|
980 -Symbol UKD [ , ]
|
-
- a
- UKD
- 611.9:[572:7.03(091:930.85]"19"
|
|
700 -Hasło dodatkowe - nazwa osobowa [1, ]
|
-
- a
- Nazwa osobowa (NP)
- Belaid, Krystyna.
-
- e
- Określenie rodzaju współpracy
- Tł.
-
|
|
700 -Hasło dodatkowe - nazwa osobowa [1, ]
|
-
- a
- Nazwa osobowa (NP)
- Stróżyński, Tomasz
-
- d
- Daty biograficzne (NP)
- (1953- ).
-
- e
- Określenie rodzaju współpracy
- Tł.
-
|
|
700 -Hasło dodatkowe - nazwa osobowa [1, ]
|
-
- a
- Nazwa osobowa (NP)
- Courtine, Jean-Jacques.
-
- e
- Określenie rodzaju współpracy
- Red.
-
|
|
700 -Hasło dodatkowe - nazwa osobowa [1, ]
|
-
- a
- Nazwa osobowa (NP)
- Audoin-Rouzeau, Stéphane
-
- d
- Daty biograficzne (NP)
- (1955- ).
-
|
|
700 -Hasło dodatkowe - nazwa osobowa [1, ]
|
-
- a
- Nazwa osobowa (NP)
- Corbin, Alain
-
- d
- Daty biograficzne (NP)
- (1936- ).
-
- e
- Określenie rodzaju współpracy
- Red.
-
|
|
700 -Hasło dodatkowe - nazwa osobowa [1, ]
|
-
- a
- Nazwa osobowa (NP)
- Vigarello, Georges
-
- d
- Daty biograficzne (NP)
- (1941- ).
-
- e
- Określenie rodzaju współpracy
- Red.
-
|
|
710 -Hasło dodatkowe - nazwa ciała zbiorowego [2, ]
|
-
- a
- Nazwa ciała zbiorowego lub nazwa geograficzna jako pierwszy element (NP)
- Wydawnictwo Słowo/Obraz Terytoria.
-
-
|